000 00555nam a22001817a 4500
999 _c186288
_d186288
005 20220221171507.0
010 _aENG-131721
020 _a9788194868729
_c224.00
035 _aEN-115253
037 _bDBAD
082 _a658.84
245 _aE-Commerce/
_cD. Lavanya et.al.
260 _aHyderabad
_bAmaravati Publications
_c2021
270 _a# 326/C, Level-2, Surneni Nilayam Near B K Guda Park, S R Nagar
_bHyderabad
_e500038
300 _aviii, 248p.
_c24cm(pbk)
700 _aLavanya, D. et.al.
942 _2ddc
_cEN
_h658.84
_mLAV